Statistics for Guess the Taylor Swift song with no hint 84

Click here to take the quiz!

General Stats

  • This quiz has been taken 318 times
  • The average score is 299 of 340

Answer Stats

Answer% Correct
I
100%
the
100%
a
99%
"You
99%
you
99%
and
98%
And
98%
your
98%
me
97%
in
96%
is
96%
love
96%
my
96%
so
96%
So
96%
that
96%
to
96%
I'm
95%
it's
95%
It's
95%
its
95%
He
94%
he
94%
You're
94%
when
93%
were
92%
all
91%
But
91%
are
90%
for
90%
loved
90%
could
89%
like
89%
of
89%
that's
89%
way
89%
a.m.
88%
can't
88%
hear
88%
at
87%
up
87%
2
86%
never
86%
Never
86%
not
86%
his
85%
says
85%
'Cause
84%
cursing
83%
Just
83%
knew
83%
look
83%
name
83%
with
83%
couldn't
82%
feel
82%
miss
82%
rain
82%
screaming
82%
see
82%
act
81%
beautiful
81%
friends
81%
get
81%
He's
81%
into
81%
kissing
81%
oh
81%
Whoa
81%
car
80%
down
80%
insane
80%
tonight"
80%
fighting
79%
kind
79%
anything
78%
door
78%
everything
78%
fine
78%
jealous
78%
much
78%
need
78%
opens
78%
perfectly
78%
will
78%
ask
77%
better
77%
roller
77%
by
76%
coaster
76%
coming
76%
incredible
76%
single
76%
breaking
75%
Breaking
75%
sensible
75%
father
74%
Talks
74%
wait
74%
heart's
73%
makes
73%
mother
73%
now
73%
rush
73%
business
72%
feeling
72%
undone
72%
charming
71%
exactly
71%
faking
71%
smile
71%
Got
70%
calls
69%
close
68%
comfortable
68%
respects
68%
some
68%
crazy
67%
endearing
67%
space
67%
frustrating
66%
wild
66%
acted
65%
away
64%
intoxicating
62%
mistake
61%
complicated
59%

Score Distribution

Percentile by Number Answered

Percent of People with Each Score

Your Score History

You have not taken this quiz